| 000 | 00915nam a2200241 i 4500 | ||
|---|---|---|---|
| 001 | 169113 | ||
| 003 | ES-MaACL | ||
| 005 | 20250812062537.0 | ||
| 008 | 080818s1955 sp f |||| | spa d | ||
| 080 | _a321.6 | ||
| 100 | 1 |
_aSalleron, Louis. _9101979 |
|
| 245 | 1 | 0 |
_aLibertad y progreso en los regímenes de autoridad / _cLouis Salleron. |
| 260 |
_aMadrid : _bAteneo, _c1955. |
||
| 300 |
_a33 p. : _b1 lám. ; _c19 cm. |
||
| 490 | 1 |
_aColección "O crece o muere" ; _v86 |
|
| 500 | _aEl original fue dado a conocer por el autor en el Ateneo de Madrid dentro del ciclo "Tendencias actuales del pensamiento europeo", el día 23 de febrero de 1955. | ||
| 610 | 2 | 7 |
_aAteneo de Madrid- _vConferencias- _y1940-1982. _91908 |
| 650 | 0 | 4 |
_aRegímenes políticos. _916743 |
| 830 | 0 | 0 |
_aColección "O crece o muere" _v86 _9183476 |
| 852 |
_aES-MaACL _jJ-24(86) |
||
| 852 |
_aES-MaACL _jJ-25(86) |
||
| 999 |
_c169113 _d169113 |
||